|
|
|
|
| LEADER |
00000cam a2200000 b4500 |
| 001 |
vtls011867441 |
| 003 |
SK-MaSNL |
| 005 |
20260302092423.0 |
| 008 |
210624s2019 xo a cr 000 j slo |
| 015 |
|
|
|a SNBA2019/07
|
| 020 |
|
|
|a 9788055166032
|q (brožované)
|
| 035 |
|
|
|a B1D19D88-C55C-47B5-91C8-CAA6A518466C
|
| 035 |
|
|
|a urn:nbn:sk:snk-am3if1k
|
| 035 |
|
|
|a urn:nbn:sk:snk-am00e7iv
|
| 040 |
|
|
|a SNK
|b slo
|c SNK
|e rda
|
| 041 |
1 |
|
|a slo
|h pol
|
| 044 |
|
|
|a xo
|c SK
|
| 072 |
|
7 |
|a 821.162.1
|x Poľská literatúra
|2 konspekt
|
| 072 |
|
7 |
|a +821-93
|x Literatúra pre deti a mládež (beletria)
|2 konspekt
|
| 080 |
|
|
|a 821.162.1-32
|2 2011
|
| 080 |
|
|
|a 82-93-053.4/.5
|2 2011
|
| 100 |
1 |
|
|a Skarżycki, Rafał,
|d 1977-
|4 aut
|9 188731
|
| 240 |
1 |
0 |
|a Hej, Jędrek! Gdzie moja forsa?
|l Slovensky
|
| 245 |
1 |
0 |
|a Hej, Andy!
|n 2
|p Kde sú moje prachy?
|c text Rafak Skarzycki ; ilustrácie Tomasz Lew Leśniak ; z poľského originálu Hej, Jędrek! Gdzie moja forsa? ... preložil Alexander Horák
|
| 246 |
1 |
|
|i Séria:
|a Hej, Andy!
|
| 250 |
|
|
|a Prvé vydanie
|
| 264 |
|
1 |
|a Bratislava
|b Ikar, a.s. - Stonožka
|c 2019
|
| 300 |
|
|
|a 222 strán
|b ilustrácie
|c 21 cm
|
| 336 |
|
|
|a text
|b txt
|2 rdacontent
|
| 336 |
|
|
|a statický obraz
|b sti
|2 rdacontent
|
| 337 |
|
|
|a bez média
|b n
|2 rdamedia
|
| 338 |
|
|
|a zväzok
|b nc
|2 rdacarrier
|
| 500 |
|
|
|a Údaje o sérii prevzaté z externého zdroja
|
| 521 |
8 |
|
|a Pre čitateľov od 9 rokov
|
| 655 |
|
7 |
|a poľské príbehy
|2 SNKPH
|9 70757
|
| 655 |
|
7 |
|a literatúra pre deti
|2 SNKPH
|9 87135
|
| 655 |
|
7 |
|a Polish stories
|2 SNKPHeng
|9 302619
|
| 655 |
|
7 |
|a Children's literature
|2 SNKPHeng
|9 276039
|
| 700 |
1 |
|
|a Leśniak, Tomasz Lew,
|d 1977-
|4 ill
|9 188733
|
| 700 |
1 |
|
|a Horák, Alexander
|4 trl
|9 79820
|
| 919 |
|
|
|a 978-80-551-6603-2
|
| 958 |
|
|
|a DB
|
| 958 |
|
|
|a LX
|
| 958 |
|
|
|a UP
|
| 958 |
|
|
|a PL
|
| 968 |
|
|
|b POL
|
| 999 |
|
|
|c 1204599
|d 1206529
|
| 952 |
|
|
|a SNK
|b SNK
|y PREZ
|7 0
|p 17A1365241
|o snkSC 183267/2
|i snk2019/16132
|8 0
|0 0
|1 0
|4 0
|d 2019-06-11
|f 1
|l 0
|r 2026-02-24 22:53:37
|w 2026-02-24
|
| 952 |
|
|
|a SNK
|b SNK
|y PREZ
|7 0
|p 17A1365242
|o snkSC 183267/2 D1
|i snk2019/16133
|8 0
|0 0
|1 0
|4 0
|d 2019-06-11
|l 0
|r 2026-02-24 22:53:37
|w 2026-02-24
|